| 000 | 00395nam a2200145Ia 4500 | ||
|---|---|---|---|
| 008 | 230917s9999||||xx |||||||||||||| ||und|| | ||
| 040 |
_e171435 _aMAIN |
||
| 041 | _aEnglish | ||
| 082 | _a891.431721 TA829A:SM | ||
| 100 | _aतुलसी | ||
| 245 | 0 | _aआषादभूर्ति | |
| 260 |
_aदिल्ली _bआत्माराम _c1960 |
||
| 300 | _a80 पृ. p. | ||
| 942 | _cHN | ||
| 999 |
_c215762 _d215762 |
||